| 000 | 00753nam a2200217Ii 4500 | ||
|---|---|---|---|
| 003 | JO-AjNU | ||
| 008 | 230605s9999||||xx |||||||||||||| ||und|| | ||
| 017 | _a2005/8/1975 | ||
| 040 |
_aJO-AjNU _bara _erda _cJO-AjNU |
||
| 041 | _aara | ||
| 050 | 1 | 4 | _aHF6146.T42.N35 2006 |
| 100 | 3 |
_aالنادي، نور الدين / نجم عبد شهيب, _eauthor _917611 |
|
| 245 | 0 | 0 | _aالدعاية والاعلان في السينما والتلفزيون |
| 250 | _aط2 | ||
| 264 | 3 | 1 | _aعمان: مكتبة المجتمع العربي للنشر والتوزيع، 2006 |
| 300 | _a179ص | ||
| 336 |
_atext _btxt _2rdacontent |
||
| 337 |
_aunmediated _bn _2rdamedia |
||
| 338 |
_avolume _bnc _2rdacarrier |
||
| 650 | 4 |
_aالدعاية - الاعلان _917612 |
|
| 999 |
_aA5475 _c9043 _d9043 |
||